[Event "Voronezh op-B 11th"]
[Site "Voronezh"]
[Date "2007.06.20"]
[Round "9"]
[White "Semenova, Elena"]
[Black "Dubov, Denis"]
[Result "1-0"]
[WhiteElo "1783"]
[BlackElo "2104"]
[PlyCount "30"]
[EventDate "2007.06.12"]
[EventType "swiss"]
[EventRounds "9"]
[EventCountry "RUS"]
[SourceTitle "EXT 2010"]
[Source "ChessBase"]
[SourceDate "2010.11.25"]
[SourceVersion "1"]
[SourceVersionDate "2010.11.25"]
[SourceQuality "1"]

1. e4 c5 2. Nf3 Nc6 3. Bb5 g6 4. 0-0 Bg7 5. c3 Nf6 6. Re1 0-0 7. d4 Qb6 8. Bxc6 dxc6 9. Nbd2 cxd4 10. cxd4 Rd8 11. Nc4 Qc7 12. Qc2 Nh5 13. Be3 f6 14. h3 e5 15. dxe5 fxe5 1-0

[Event "Voronezh op-B 11th"]
[Site "Voronezh"]
[Date "2007.06.16"]
[Round "5"]
[White "Dubov, Denis"]
[Black "Degtiarev, Viktor"]
[Result "1-0"]
[WhiteElo "2104"]
[BlackElo "1918"]
[PlyCount "45"]
[EventDate "2007.06.12"]
[EventType "swiss"]
[EventRounds "9"]
[EventCountry "RUS"]
[SourceTitle "EXT 2010"]
[Source "ChessBase"]
[SourceDate "2010.11.25"]
[SourceVersion "1"]
[SourceVersionDate "2010.11.25"]
[SourceQuality "1"]

1. e4 c6 2. d4 d5 3. Nc3 dxe4 4. Nxe4 Bf5 5. Ng3 Bg6 6. h4 h6 7. Nh3 e5 8. dxe5 Qa5+ 9. c3 Qxe5+ 10. Be2 Nf6 11. 0-0 Be7 12. Re1 Qd5 13. Qa4 Qd8 14. Nf4 Bh7 15. Nfh5 0-0 16. Nxf6+ Bxf6 17. Qg4 Kh8 18. Nh5 Nd7 19. Bxh6 gxh6 20. Rad1 Rg8 21. Qh3 Bxh4 22. Rxd7 Qc8 23. Qxh4 1-0